Central Library OPAC University of Rajshahi

Spain : (Record no. 46096)

MARC details
000 -LEADER
fixed length control field 00706nam a22002297a 4500
001 - CONTROL NUMBER
control field 46096
003 - CONTROL NUMBER IDENTIFIER
rucl marc code BD-RjUL
005 - DATE AND TIME OF LATEST TRANSACTION
control field 20211209054116.0
008 - FIXED-LENGTH DATA ELEMENTS--GENERAL INFORMATION
fixed length control field 160730s1952 xxu||||| |||| 00| 0 eng d
035 ## - SYSTEM CONTROL NUMBER
System control number (BD-RjUL) 46214
040 ## - CATALOGING SOURCE
Original cataloging agency BD-RjUL
Language of cataloging eng
Transcribing agency BD-RjUL
Modifying agency BD-RjUL
041 ## - LANGUAGE CODE
Language code of text/sound track or separate title eng
082 ## - DEWEY DECIMAL CLASSIFICATION NUMBER
Edition number 23
Classification number 330.946
Author mark and year PES 1952
100 ## - MAIN ENTRY--PERSONAL NAME
Personal name Pelham, G. Clinton
9 (RLIN) 140931
245 ## - TITLE STATEMENT
Title Spain :
Remainder of title economic and commercial conditions in Spain /
Statement of responsibility, etc. Pelham, G. Clinton
260 ## - PUBLICATION, DISTRIBUTION, ETC. (IMPRINT)
Place of publication, distribution, etc. London :
Name of publisher, distributor, etc. Her Majestry's Stationary office,
Date of publication, distribution, etc. 1952
300 ## - PHYSICAL DESCRIPTION
Pagination 245p. :
Illustrations ill. ;
Size 21cm.
490 ## - SERIES STATEMENT
Series statement Overseas Economic Surveys
650 ## - SUBJECT ADDED ENTRY--TOPICAL TERM
General subdivision Economic history.
9 (RLIN) 140932
856 ## - ELECTRONIC LOCATION AND ACCESS
Materials specified Overseas Economic Surveys
942 ## - ADDED ENTRY ELEMENTS (KOHA)
Source of classification or shelving scheme Dewey Decimal Classification
Koha item type Books
Holdings
Lost status Source of classification or shelving scheme Damaged status Not for loan Collection code Permanent Location Current Location Shelving location Date acquired Source of acquisition Cost, normal purchase price Total Checkouts Full call number Date last seen Copy number Koha item type
  Dewey Decimal Classification     Non-fiction Central Library, University of Rajshahi Central Library, University of Rajshahi   08/08/1975 B.I.Survice 6.00   330.946 PES 1952 30/07/2016 C-2 Books